000
00309nam a22001337a 4500
008
181203b xxu||||| |||| 00| 0 eng d
020
_a
9780130284860
041
_a
eng
080
_2
5 TH
_a
330
100
_a
53
101
_a
MAN
245
_a
Telecommunications For Managers
_c
Rowe.S.H
942
_2
udc
_c
BK
999
_c
52694
_d
52694